| 000 | 00652nam a22001935i 4500 | ||
|---|---|---|---|
| 001 | 171426 | ||
| 003 | ES-MaACL | ||
| 005 | 20230906214630.0 | ||
| 008 | 090514s1932 ag |||| | spa d | ||
| 080 | _a984"1879/938" | ||
| 080 | _a980.3"1932/35" | ||
| 100 | 1 |
_aSofovich, Manuel. _9140135 |
|
| 245 | 1 | 3 |
_aLa tragedia boliviana / _cpor Manuel Sofovich, enviado especial de "Noticias Gráficas" ; ilustraciones de Gubellini. |
| 260 |
_aBuenos Aires : _b[s.n.], _c1932 ( _fIndustria ArtÃstica) |
||
| 300 |
_a63 p. : _bil. ; _c24 cm. |
||
| 650 | 4 |
_aGuerra del Chaco, 1932-1935. _913197 |
|
| 700 | 1 |
_aGubellini. _9140136 |
|
| 852 |
_aES-MaACL _j1777-F-5 |
||
| 999 |
_c171426 _d171426 |
||